1772 1080 1510 1318 1562 1828 1628 1644 1525 1724 1184 1429 1417 1826 1651 1403 1203 1396 1884 1285 1062 1830 1242 1842 1430 1040 1596 1069 1384 1396 1589 1459 1282 1505 1569 1611 1903 1321 1913 1912 1729 1957 1421 1336 1921 1841 1532 1302 1154 1979 1598 1354 1029 1646 1838 1285 1509 1891 1268 1736 1960 1699 1876 1304 1809 1753 1874 1908 1782 1846 1109 1186 1373 1549 1303 1830 1861 1754 1530 1767 1342 1745 1627 1118 1204 1028 1094 1934 1291 1108 1767 1857 1467 1364 1670 1335 1651 1226 1732 BCNSPRNW ULIB Ver.6.0+V

เปลี่ยนเป็นภาษาไทย

Change to English
 แสดงรายละเอียดบรรณานุกรม
  กลับหน้าหลัก

Brief Record : Get Marc (ISO 2709) : E-mail record : QR code < ปิดหน้าต่าง
LEADER : 00000nam 2200000uu 4500
001    13399110161
003     ULIB
008    110425s2551||||th 000 0 tha d
020    9789746520355
060 04 QS18.2^bก768บ 2551
100 0  เกล็ดแก้ว ด่านวิวัฒน์
245 10 แบบฝึกหัดกายวิภาคศาสตร์ /^cเกล็ดแก้ว ด่านวิวัฒน์
250    พิมพ์ครั้งที่ 1
260    กรุงเทพฯ :^bไอกรุ๊ป เพรส,^c2551
300    ix, 92 หน้า :^bภาพประกอบ ;^c21 ซม.
650  7 กายวิภาคศาสตร์^vแบบฝึกหัด
650  7 กายวิภาคศาสตร์^vข้อสอบและเฉลย
945    ^p130^l0^i17857
945    ^p130^l0^i17852
945    ^p130^l0^i17854
945    ^p130^l0^i17858
945    ^p130^l0^i17853
945    ^p130^l0^i17856
995    กัณชพร
999    ^aใช้งานได้ทุกระบบ
รายการนี้ยังไม่มีแท็ก
คุณยังไม่ได้ล็อกอิน คุณสามารถมีกิจกรรมร่วมกับเว็บไซต์ได้ แต่ต้องล็อกอินก่อน ::
  ล็อกอิน

รายการสื่อสารสนเทศ

ลำดับที่ ประเภท เลขเรียก/บาร์โค้ด สถานที่ สถานะ
1. วิทยาศาสตร์การแพทย์ และสุขภาพ
วิทยาศาสตร์การแพทย์ และสุขภาพ
QS18.2 ก768บ 2551  
  Barcode: 17858
ห้องสมุดวิทยาเขตสวรรค์ประชารักษ์
►ส่วนจัดเก็บหนังสือเก่า สปร
บนชั้น
  ขอยืม
2. วิทยาศาสตร์การแพทย์ และสุขภาพ
วิทยาศาสตร์การแพทย์ และสุขภาพ
QS18.2 ก768บ 2551 ฉ.2 
  Barcode: 17853
ห้องสมุดวิทยาเขตสวรรค์ประชารักษ์
►ส่วนจัดเก็บหนังสือเก่า สปร
บนชั้น
  ขอยืม
3. วิทยาศาสตร์การแพทย์ และสุขภาพ
วิทยาศาสตร์การแพทย์ และสุขภาพ
QS18.2 ก768บ 2551 ฉ.3 
  Barcode: 17854
ห้องสมุดวิทยาเขตสวรรค์ประชารักษ์
►ส่วนจัดเก็บหนังสือเก่า สปร
บนชั้น
  ขอยืม
4. วิทยาศาสตร์การแพทย์ และสุขภาพ
วิทยาศาสตร์การแพทย์ และสุขภาพ
QS18.2 ก768บ 2551 ฉ.4 
  Barcode: 17852
ห้องสมุดวิทยาเขตสวรรค์ประชารักษ์
►ส่วนจัดเก็บหนังสือเก่า สปร
บนชั้น
  ขอยืม
5. วิทยาศาสตร์การแพทย์ และสุขภาพ
วิทยาศาสตร์การแพทย์ และสุขภาพ
QS18.2 ก768บ 2551 ฉ.5 
  Barcode: 17857
ห้องสมุดวิทยาเขตสวรรค์ประชารักษ์
►ส่วนจัดเก็บหนังสือเก่า สปร
บนชั้น
  ขอยืม
6. วิทยาศาสตร์การแพทย์ และสุขภาพ
วิทยาศาสตร์การแพทย์ และสุขภาพ
QS18.2 ก768บ 2551 ฉ.6 
  Barcode: 17856
ห้องสมุดวิทยาเขตสวรรค์ประชารักษ์
►ส่วนจัดเก็บหนังสือเก่า สปร
บนชั้น
  ขอยืม

รายการใกล้เคียง
    ผู้แต่ง [เกล็ดแก้ว ด่านวิวัฒน์]

BibComment


ยังไม่เคยถูกคอมเมนท์

คอมเมนท์ทรัพยากรรายการนี้
  คอมเมนท์: แบบฝึกหัดกายวิภาค..


 Copyright 2026. Bcnsprnw @Library